Online katalóg knižníc regiónu Turca

Gordana (Record no. 21647)

MARC details
000 -LEADER
fixed length control field 01902cam a2200493 a 4500
001 - CONTROL NUMBER
control field 21647
003 - CONTROL NUMBER IDENTIFIER
control field VRT
005 - DATE AND TIME OF LATEST TRANSACTION
control field 20260307105718.0
008 - FIXED-LENGTH DATA ELEMENTS--GENERAL INFORMATION
fixed length control field 240226s1994 xo a gr 000 f slo
015 ## - NATIONAL BIBLIOGRAPHY NUMBER
National bibliography number SNBA1994
020 ## - INTERNATIONAL STANDARD BOOK NUMBER
International Standard Book Number 808550605X
Qualifying information (brožované)
035 ## - SYSTEM CONTROL NUMBER
System control number SNK000017967
039 #9 - LEVEL OF BIBLIOGRAPHIC CONTROL AND CODING DETAIL [OBSOLETE]
Level of rules in bibliographic description 202402261904
Level of effort used to assign nonsubject heading access points VLOAD
Level of effort used to assign subject headings 202401241006
Level of effort used to assign classification msnk115
Level of effort used to assign subject headings 202311211911
Level of effort used to assign classification VLOAD
Level of effort used to assign subject headings 202305151334
Level of effort used to assign classification msnk115
040 ## - CATALOGING SOURCE
Original cataloging agency SNK
Language of cataloging slo
Transcribing agency SNK
Description conventions AACR2
041 1# - LANGUAGE CODE
Language code of text/sound track or separate title slo
Language code of original hrv
044 ## - COUNTRY OF PUBLISHING/PRODUCING ENTITY CODE
MARC country code xo
ISO country code SK
072 #7 - SUBJECT CATEGORY CODE
Subject category code 821.163
Subject category code subdivision Južnoslovanské literatúry
Source konspekt
080 ## - UNIVERSAL DECIMAL CLASSIFICATION NUMBER
Universal Decimal Classification number 821.163.42-31
Edition identifier 2011
080 ## - UNIVERSAL DECIMAL CLASSIFICATION NUMBER
Universal Decimal Classification number (0:82-312.5)
Edition identifier 2011
080 ## - UNIVERSAL DECIMAL CLASSIFICATION NUMBER
Universal Decimal Classification number 821-311.6
Edition identifier 2011
080 ## - UNIVERSAL DECIMAL CLASSIFICATION NUMBER
Universal Decimal Classification number 821-311.3
Edition identifier 2011
100 1# - MAIN ENTRY--PERSONAL NAME
Personal name Jurić-Zagorka, Marija,
Dates associated with a name 1873-1957
Relationship aut
240 10 - UNIFORM TITLE
Uniform title Gordana
Language of a work Slovensky
245 10 - TITLE STATEMENT
Title Gordana
Number of part/section of a work III
Name of part/section of a work Zajatkyňa kráľa
Statement of responsibility, etc. Marija Jurič Zagorka ; [z chorvátskeho originálu Gordana ... preložil Emil Hantel ; obálka a ilustrácie Adam]
246 30 - VARYING FORM OF TITLE
Title proper/short title Zajatkyňa kráľa
260 ## - PUBLICATION, DISTRIBUTION, ETC.
Place of publication, distribution, etc. Bratislava
Name of publisher, distributor, etc. Juga
Date of publication, distribution, etc. 1994
300 ## - PHYSICAL DESCRIPTION
Extent 301 strán
Other physical details ilustrácie
Dimensions 21 cm
500 ## - GENERAL NOTE
General note Literárna Gordana na pozadí historických faktov (Životná púť Veľkého kráľa Mateja) na strane 300-[302]
500 ## - GENERAL NOTE
General note Tretia časť série Gordana
655 #7 - INDEX TERM--GENRE/FORM
Genre/form data or focus term ľúbostné romány
Source of term SNKPH
655 #7 - INDEX TERM--GENRE/FORM
Genre/form data or focus term chorvátske romány
Source of term SNKPH
655 #7 - INDEX TERM--GENRE/FORM
Genre/form data or focus term historické romány
Source of term SNKPH
655 #7 - INDEX TERM--GENRE/FORM
Genre/form data or focus term dobrodružné romány
Source of term SNKPH
700 1# - ADDED ENTRY--PERSONAL NAME
Personal name Hantel, Emil,
Dates associated with a name 1943-2021
Relationship trl
700 0# - ADDED ENTRY--PERSONAL NAME
Personal name Adam
Relationship bjd
-- ill
700 1# - ADDED ENTRY--PERSONAL NAME
Relationship information Pokračovanie diela:
Personal name Jurić-Zagorka, Marija,
Dates associated with a name 1873-1957
Title of a work Proroctvo na Kamennej bráne
787 08 - OTHER RELATIONSHIP ENTRY
Relationship information Zo série:
Title Gordana
Related parts 3
910 ## - USER-OPTION DATA (OCLC)
User-option data snk
942 ## - ADDED ENTRY ELEMENTS (KOHA)
Source of classification or shelving scheme Dewey Decimal Classification
Koha item type Krásna literatúra pre dospelých
Suppress in OPAC No
949 ## - LOCAL PROCESSING INFORMATION (OCLC)
6 17A0060595
a snkSC 85197/3 D1
949 ## - LOCAL PROCESSING INFORMATION (OCLC)
6 270001000036888
a svkbbA 85926-3
b svkbbm 584801
949 ## - LOCAL PROCESSING INFORMATION (OCLC)
6 17A0996504
a snkSC 85197/3
b snkKSP 4725/94
s 6100:20221212
949 ## - LOCAL PROCESSING INFORMATION (OCLC)
6 273K0196738
a svkpoA 158343/III
b svkpo401379
o PV 2648/94
Holdings
Stav vyradenia Strata Poškodenie Spôsob nadobudnutia Domovská knižnica Aktuálna knižnica Dátum nadobudnutia Total checkouts Čiarový kód exemplára Date last seen Typ exemplára Verejná poznámka
      Dar Obecná knižnica Horná Štubňa Obecná knižnica Horná Štubňa 07.03.2026   4736201728 07.03.2026 Krásna literatúra pre dospelých III. diel zajatkyňa krála
Projekt je podporený Slovenskou asociáciou knižníc
Prevádzkuje Turčianska knižnica Martin 2026